00488nam a2200181 a 4500001001300000003000900013005001700022008004100039020002600080082001300106100002200119245004900141260004300190300000900233500003500242505001000277650001900287nice12345678IN_TiNIC20260116013037.0050524s1988 lona grp 000 0 eng  a0001323 c653.3500a241bNIE aNiebuhr, Reinhold aReinhold Niebuhrb Theologian of Public Life aLondon bCollins Religious Pub. c1988 a299p aincludes index and biblioraphy2 aIndex aTheology-Moral